|
|
|
|
| LEADER |
00000nam a2200000 a 4500 |
| 001 |
vtls010027689 |
| 003 |
SK-MaSNL |
| 005 |
20260302010921.0 |
| 008 |
180730s2009 xo dl f 100 0 slo |
| 015 |
|
|
|a SNBA2010/01-00346
|
| 020 |
|
|
|a 9788022327060
|q (brož.)
|
| 035 |
|
|
|a B17CBD0E-B823-49CA-BEBB-168E36E77E5A
|
| 035 |
|
|
|a urn:nbn:sk:snk-amkyys
|
| 035 |
|
|
|a urn:nbn:sk:snk-am008pk5
|
| 040 |
|
|
|a SNK
|b slo
|c SNK
|e AACR2
|
| 041 |
0 |
|
|a slo
|a cze
|b cze
|b eng
|b slo
|
| 044 |
|
|
|a xo
|c SK
|
| 072 |
|
7 |
|a 796
|x Šport. Hry. Telesné cvičenia
|2 konspekt
|
| 080 |
|
|
|a 796/799
|2 2001
|
| 080 |
|
|
|a 613.71/.73
|2 2001
|
| 080 |
|
|
|a 613/614
|2 2001
|
| 080 |
|
|
|a (062.534)
|2 2001
|
| 080 |
|
|
|a 378.011.3-052
|2 2001
|
| 080 |
|
|
|a 316.728
|2 2001
|
| 245 |
0 |
0 |
|a Šport a zdravie v hodnotovej orientácii vysokoškolákov
|b zborník z vedeckej konferencie ... vzniku Univerzitného športu na Slovensku : september 2009 : Bratislava
|c [Vojtech Potočný zostavovateľ a recenzent zborníka]
|
| 250 |
|
|
|a [1. vyd.]
|
| 260 |
|
|
|a [Bratislava
|b Univerzita Komenského
|c 2009]
|
| 300 |
|
|
|a 128 s.
|b grafy, sch., tab.
|c 21 cm
|
| 500 |
|
|
|a Vydav. údaje podľa ISBN
|
| 504 |
|
|
|a Bibliogr. odkazy. Pozn.
|
| 546 |
|
|
|a Čiast. text čes. Res. angl., čes. a slov.
|
| 650 |
0 |
7 |
|a šport
|2 SNKPH
|9 1042
|
| 650 |
0 |
7 |
|a pohybová aktivita
|2 SNKPH
|9 3607
|
| 650 |
0 |
7 |
|a zdravie
|2 SNKPH
|9 16322
|
| 650 |
0 |
7 |
|a vysokoškolskí študenti
|2 SNKPH
|9 3981
|
| 650 |
0 |
7 |
|a životný štýl
|2 SNKPH
|9 1704
|
| 655 |
|
7 |
|a zborníky konferencií
|2 SNKPH
|9 70153
|
| 700 |
1 |
|
|a Potočný, Vojtech
|4 com
|4 rev
|9 650668
|
| 919 |
|
|
|a 978-80-223-2706-0
|
| 958 |
|
|
|a NB
|
| 958 |
|
|
|a OND
|
| 968 |
|
|
|d 793/799
|
| 999 |
|
|
|c 1004204
|d 1006134
|
| 952 |
|
|
|a SNK
|b SNK
|y PREZ
|7 0
|p 17A0637783
|o snkSC 138219
|i snk2009/21744
|8 0
|0 0
|1 0
|4 0
|d 2009-12-03
|f 1
|l 0
|r 2017-06-30 00:00:00
|w 2026-02-24
|
| 952 |
|
|
|a SNK
|b SNK
|y VYP
|7 0
|p 17A0637784
|o snkSC 138219 D1
|i snk2009/21745
|8 0
|0 0
|1 0
|4 0
|d 2009-12-03
|l 0
|r 2026-02-24 12:30:57
|w 2026-02-24
|